Färbe die Welt - Statistiken

Allgemein
  • Dieses Quiz wurde 373 mal gespielt
  • Das Durchschnittsergebnis liegt bei 171 aus 196
Antworten auf der Karte
Die Antworten werden auf der Karte rot bzw. grün angezeigt, abhängig davon wie oft sie richtig erraten wurden.
 
Antwortstatistiken
Hinweis Antwort % Korrekt
Binnenstaaten Afghanistan | Andorra | Armenien | Aserbaidschan | Äthiopien | Belarus | Bhutan | Bolivien | Botswana | Burkina Faso | Burundi | Kasachstan | Kirgistan | Kosovo | Laos | Lesotho | Liechtenstein | Luxemburg | Malawi | Mali | Moldawien | Mongolei | Nepal | Niger | Nordmazedonien | Österreich | Paraguay | Ruanda | San Marino | Sambia | Schweiz | Serbien | Simbabwe | Slowakei | Südsudan | Swasiland | Tadschikistan | Tschechien | Turkmenistan | Uganda | Ungarn | Usbekistan | Vatikanstadt | Zentralafrikanische Republik
98%
G7-Länder Deutschland | Frankreich | Italien | Japan | Kanada | Vereinigte Staaten | Vereinigtes Königreich
97%
Länder, deren Hauptstädte exakt 4 Buchstaben haben Fidschi | Katar | Lettland | Malediven | Norwegen | Osttimor | Peru | Samoa | Saudi-Arabien | Togo | Ukraine
95%
Länder mit bestätigten Nuklearwaffen China | Indien | Nordkorea | Pakistan | Russland
94%
Einwohnerreichstes Land pro Kontinent Australien | Brasilien | Indonesien | Mexiko | Nigeria | Spanien
93%
OECD Mitgliedsstaaten Belgien | Chile | Costa Rica | Dänemark | Estland | Finnland | Griechenland | Irland | Island | Israel | Kolumbien | Litauen | Neuseeland | Niederlande | Polen | Portugal | Schweden | Slowenien | Südkorea | Türkei
91%
Länder, durch die die Donau fließt Bulgarien | Kroatien | Rumänien
91%
Gehört zu den 30 flächenmäßig größten Ländern der Welt Algerien | Argentinien | Ägypten | Libyen | Mauretanien | Sudan
85%
Durchschnittlich über 1.000 Meter über dem Meeresspiegel Angola | Ecuador | Georgien | Iran | Libanon | Montenegro | Namibia | Südafrika | Taiwan | Tansania
83%
Länder, die nördlich des Äquators und östlich des Nullmeridians liegen Bahrain | Bangladesch | Benin | Eritrea | Gabun | Ghana | Irak | Jemen | Jordanien | Kamerun | Kenia | Kuwait | Malta | Myanmar | Oman | Republik Kongo | Somalia | Syrien | Vereinigte Arabische Emirate | Zypern
83%
Länder, die alle Vokale enthalten Bosnien und Herzegowina | Demokratische Republik Kongo | Dominikanische Republik | São Tomé und Príncipe | Äquatorialguinea
81%
Länder, die alle Vokale enthalten Bosnien und Herzegowina | Demokratische Republik Kongo | Dominikanische Republik | São Tomé und Príncipe | Äquatorialguinea
81%
Länder mit exakt 8 Buchstaben Albanien | Barbados | Dominica | Honduras | Jamaika | Kap Verde | Malaysia | Mosambik | Singapur | Sri Lanka | Suriname | Thailand | Tunesien
79%
Länder, in denen zwei Vokale direkt hintereinander kommen Antigua und Barbuda | Elfenbeinküste | Guinea | Guinea-Bissau | Liberia | Mauritius | Sierra Leone | St. Lucia | St. Vincent und die Grenadinen | Uruguay | Venezuela
79%
Länder, die an den Pazifik grenzen El Salvador | Guatemala | Nicaragua | Panama | Kambodscha | Vietnam | Föderierte Staaten von Mikronesien | Philippinen | Salomonen | Tonga | Vanuatu
79%
Länder in Nord- und Südamerika Bahamas | Belize | Grenada | Guyana | Kuba | Trinidad und Tobago
77%
Inselstaaten Komoren | Madagaskar | Seychellen
77%
Länder mit nur einem Nachbarland Gambia | Haiti | Papua-Neuguinea
74%
Welches Land bleibt übrig? Marokko
72%
Länder mit weniger als 50.000 Einwohnern Marshallinseln | Monaco | Nauru | Palau | St. Kitts und Nevis | Tuvalu
69%
Westafrikanisches Land, das Gambia umschließt Senegal
61%
Länder, die auf "i" enden Brunei | Dschibuti | Kiribati
59%
Keine übereinstimmenden Quizze gefunden
Verteilung der Resultate
Anzahl Personen mit jedem Resultat
Perzentil nach korrekt beantworteten Fragen
Ihre Resultats-Entwicklung
Sie haben dieses Quiz noch nicht gespielt